Grafická výstava
| Format: | Article |
|---|---|
| Language: | Slovak |
| Subjects: |
MARC
| LEADER | 00000nab a22000001a 4500 | ||
|---|---|---|---|
| 001 | vtls010305693 | ||
| 003 | SK-MaSNL | ||
| 005 | 20260426063047.0 | ||
| 008 | 110824d19340414xo |r|p|||| |000 b|slo | ||
| 015 | |a SNBRRBVU1918-1938 | ||
| 038 | |a SNKBUCL | ||
| 038 | |a SNKBUVU | ||
| 040 | |a SNKBUVU |b slo |c SNKBUCL |e AACR2 | ||
| 041 | 0 | |a slo | |
| 044 | |a xo |c SK | ||
| 080 | |a 76:061.4 |2 1997 | ||
| 245 | 0 | 0 | |a Grafická výstava |
| 500 | |a V rubrike Z kultúrneho života | ||
| 648 | 7 | |a 1934 |2 MM |9 281683 | |
| 650 | 0 | 7 | |a grafika |2 MM |9 814 |
| 650 | 0 | 7 | |a výstavy |2 MM |9 2780 |
| 651 | 7 | |a Bratislava (Slovensko) |2 MM |9 14568 | |
| 773 | 0 | |t Slovenský denník |g Roč. 17, č. 86 (14.4.1934), s. 5 | |
| 852 | |a SNK |b KIS3GCP | ||
| 910 | |a snkrbvumm | ||
| 958 | |a VY | ||
| 999 | |c 2552239 |d 2554169 | ||


